Discovering shrews,moles and roles
| Main Author: | |
|---|---|
| Format: | Book |
| Published: |
England :
Wayland ,
1989
|
| Series: | Discovering nature
|
| Subjects: |
MARC
| LEADER | 00000cam a2200000 7i4500 | ||
|---|---|---|---|
| 001 | 0000002044 | ||
| 002 | 000002231 | ||
| 005 | 20080319.0 | ||
| 020 | |a 1852105232 | ||
| 090 | 0 | 0 | |a J 508 |b DIS |
| 100 | 1 | |a Bailey, Jill | |
| 245 | 1 | 0 | |a Discovering shrews,moles and roles |c Jill Bailey |
| 260 | |a England : |b Wayland , |c 1989 | ||
| 300 | |a 46p. : |b ill ; |c 21cm. | ||
| 490 | 0 | |a Discovering nature | |
| 650 | 0 | 0 | |a Voles |x Children fiction |
| 999 | |a 033658 |b BUKU |c PINJAMAN |e PERPUSTAKAAN KOMUNITI PETALING JAYA | ||